000 00449nam a2200181Ia 4500
008 210716s2004 xx 000 0 und d
020 _a8178813041
041 _aeng
082 _a658.81 SURK
100 _aSuresh, K.
245 _aEffective sales management.
250 _a1
260 _aHyderabad
_bICFAI University Press
_c2004
300 _ax,178,A11
440 _vI
650 _aSales & Distribution Management
700 _aSuresh, K.
999 _c199691
_d199691